Es divertido descubrir gentes y lugares / (Record no. 27442)

MARC details
000 -LEADER
fixed length control field 00658nam a22002297a 4500
001 - CONTROL NUMBER
control field sjds
003 - CONTROL NUMBER IDENTIFIER
control field sjds
005 - DATE AND TIME OF LATEST TRANSACTION
control field 20220913100601.0
008 - FIXED-LENGTH DATA ELEMENTS--GENERAL INFORMATION
fixed length control field 220913b sp ||||| |||| 00| 0 spa d
020 ## - INTERNATIONAL STANDARD BOOK NUMBER
International Standard Book Number 8401701848
020 ## - INTERNATIONAL STANDARD BOOK NUMBER
International Standard Book Number 9788401701849
040 ## - CATALOGING SOURCE
Transcribing agency sjds
041 ## - LANGUAGE CODE
Language code of text/sound track or separate title spa
100 ## - MAIN ENTRY--PERSONAL NAME
Personal name Manley, Deborah
245 ## - TITLE STATEMENT
Title Es divertido descubrir gentes y lugares /
Statement of responsibility, etc. dirigido por Deborah Manley ; ilustrado por Moira y Colin Maclean.
260 ## - PUBLICATION, DISTRIBUTION, ETC. (IMPRINT)
Place of publication, distribution, etc. Barcelona :
Name of publisher, distributor, etc. Plaza y Janes,
Date of publication, distribution, etc. 1983
300 ## - PHYSICAL DESCRIPTION
Extent 47 pages :
Other physical details color illustrations ;
Dimensions 32 cm
440 ## - SERIES STATEMENT/ADDED ENTRY--TITLE
Title Es divertido descubrir
700 10 - ADDED ENTRY--PERSONAL NAME
Personal name Maclean, Moira
700 10 - ADDED ENTRY--PERSONAL NAME
Personal name Maclean, Colin
942 ## - ADDED ENTRY ELEMENTS (KOHA)
Koha item type Libro/Book
Holdings
Withdrawn status Lost status Damaged status Not for loan Home library Current library Date acquired Total Checkouts Full call number Barcode Checked out Date last seen Date checked out Price effective from Koha item type Inventory number
        San Juan Del Sur -- Mobile Ostional 31/12/2022 1 JN 33016920 12/10/2023 07/09/2023 07/09/2023 31/12/2022 Libro/Book  
        San Juan Del Sur -- Mobile San Juan Del Sur -- Mobile 31/12/2022 3 JN 33016911   17/04/2024 17/04/2024 31/12/2022 Libro/Book Inventory date: 10-2-25
        San Juan Del Sur -- Mobile San Juan Del Sur -- Mobile 31/12/2022 2 JN 33016908   07/11/2024 09/10/2024 31/12/2022 Libro/Book Inventory date: 27-2-25
        San Juan Del Sur -- Mobile San Juan Del Sur -- Mobile 09/02/2023   JES 30029730   09/02/2023   09/02/2023 Libro/Book Inventory date: 1-2-25
        San Juan Del Sur -- Mobile San Juan Del Sur -- Mobile 09/02/2023   JES 30029731   09/02/2023   09/02/2023 Libro/Book Inventory date: 1-2-25
        San Juan Del Sur -- Mobile San antonio del baston 13/09/2022 2 JES 33016523 09/11/2023 05/10/2023 05/10/2023 13/09/2022 Libro/Book  

Powered by Koha